| 000 | 00634nmm a2200169Ia 4500 | ||
|---|---|---|---|
| 008 | 251105s9999||||xx |||||||||||||||||und|| | ||
| 020 | _a9781882528523 | ||
| 041 | _aeng | ||
| 100 | _aWilliams, Jerry M. | ||
| 245 | 0 |
_aPeru's Inquisition on Trial: The Vindication of Ana de Castro : _b La Inquisición peruana en tela de juicio: la vindicación de Ana de Castro |
|
| 264 |
_a[Washington, Estados Unidos] : _bScripta Humanistica, _c2008 |
||
| 300 | _a160 páginas | ||
| 490 | _aLatin American Literature | ||
| 650 | _aHistory of the Americas: Latin America | ||
| 856 | _uhttps://public.digitaliapublishing.com/a/9916 | ||
| 942 | _cCF | ||
| 999 |
_c75335 _d75335 |
||